Movie Subtitle Madness Quiz Stats

 Plays Quiz Updated Nov 28, 2018

Support Sporcle.
Go Orange.
Score 0/30 Timer 05:00
0 Plays Today
% Correct
The Empire Strikes Back
92.7%
At World's End
88.7%
Judgment Day
83.9%
Armed and Fabulous
82.1%
The Meltdown
80.6%
When Harry Met Lloyd
78.2%
First Blood Part II
77%
The Last Stand
75.3%
Ghost Protocol
74.8%
Tomb of the Dragon Emperor
74%
Dark of the Moon
73.7%
Cruise Control
72.9%
Golden Receiver
71.4%
Full Throttle
71.3%
The New Batch
60.2%
% Correct
The Sequel
58.3%
The Cradle of Life
58.1%
The Golden Army
56.5%
Lost in San Francisco
54.2%
The Quest for Peace
53.6%
Dream Warriors
44.4%
The Undiscovered Country
43.5%
On the Rocks
40.1%
Back 2 Tha Hood
37.7%
Electric Boogaloo
36.9%
Season of the Witch
36.2%
Mission to Moscow
35.7%
The Smell of Fear
35.2%
The Next Day
33.2%
The New Blood
30.5%

You're not logged in!

Compare scores with friends on all Sporcle quizzes.
OR
Log In
Forgot?

From the Vault

Match 'Em Up Blitz - Greek Mythology

by THEJMAN

There's mixed loyalties up on Mount Olympus.
Remove Ads.
Support Sporcle.
Get the best of Sporcle when you Go Orange. This ad-free experience offers more features, more stats, and more fun while also helping to support Sporcle. Thank you for becoming a member.

Show Comments

Extras

Top Quizzes Today


Score Distribution

Your Account Isn't Verified!

In order to create a playlist on Sporcle, you need to verify the email address you used during registration. Go to your Sporcle Settings to finish the process.

Report this User

Report this user for behavior that violates our Community Guidelines.

Details: